| 000 | 00752nam a2200325Ia 4500 | ||
|---|---|---|---|
| 008 | 210210b2010 xxu||||| |||| 00| 0 eng d | ||
| 020 | _a9780521179249 | ||
| 041 | _aeng | ||
| 082 | _a324.273 LAWI | ||
| 100 | _aLAWLESS (Jennifer L) | ||
| 245 | _aIt still takes a candidate: why women dont run for office Rev Ed | ||
| 260 |
_aCambridge _bCambridge University Press _c2010 |
||
| 300 | _axvi-239 | ||
| 650 | _awomen | ||
| 650 | _awhy | ||
| 650 | _atakes | ||
| 650 | _astill | ||
| 650 | _arun | ||
| 650 | _aRev | ||
| 650 | _aoffice | ||
| 650 | _aIt | ||
| 650 | _afor | ||
| 650 | _aEd | ||
| 650 | _adont | ||
| 650 | _acandidate: | ||
| 650 | _aa | ||
| 690 | _aPolitical Process | ||
| 700 | _aFOX (Richard L) | ||
| 906 | _a066189 | ||
| 999 |
_c146561 _d146561 |
||